[Event "AUTO-OPEN-4059"]
[Site "http://www.queenalice.com/game.php?id=1588058"]
[Date "2019.10.27"]
[Round "2"]
[White "Ron39"]
[Black "jesuskatz"]
[Result "0-1"]
[WhiteElo "2207"]
[BlackElo "2537"]

1. e4 e5 2. Nf3 Nc6 3. d4 exd4 4. Nxd4 Nf6 5. Nxc6 bxc6 6. e5 Qe7 7. Qe2 Nd5 8.
c4 Nb6 9. a4 Ba6 10. Nd2 Nd5 11. Qe4 Nb4 12. Nf3 Rb8 13. Be2 d5 14. Qb1 Bxc4 15.
Bxc4 dxc4 16. O-O Qe6 17. Bd2 Nd3 18. Bc3 Bb4 19. Qd1 c5 20. Ng5 Qf5 21. f4 h6
22. Nh3 O-O 23. Rb1 Rfd8 24. Qc2 Rb7 25. b3 Qe4 26. Bxb4 cxb3 27. Rxb3 Rxb4 28.
Rxb4 cxb4 29. Qxc7 Qd4+ 0-1

[Event "AUTO-OPEN-4006"]
[Site "http://www.queenalice.com/game.php?id=1588391"]
[Date "2019.10.30"]
[Round "3"]
[White "jesuskatz"]
[Black "MarceloLopes"]
[Result "1-0"]
[WhiteElo "2526"]
[BlackElo "2068"]

1. d4 c5 2. d5 d6 3. e4 e6 4. Bb5+ Bd7 5. Bxd7+ Qxd7 6. c4 Nf6 7. Nc3 a6 8. f4
b5 9. e5 b4 10. Na4 Qb7 11. exf6 gxf6 12. Nf3 Nd7 13. Qe2 Nb6 14. Nxb6 Qxb6 15.
dxe6 fxe6 16. Qxe6+ Be7 17. O-O h5 18. Re1 Rh7 19. Qg8+ 1-0

[Event "AUTO-OPEN-4006"]
[Site "http://www.queenalice.com/game.php?id=1588392"]
[Date "2019.10.30"]
[Round "3"]
[White "MarceloLopes"]
[Black "jesuskatz"]
[Result "0-1"]
[WhiteElo "2070"]
[BlackElo "2507"]

1. e4 e5 2. Nf3 d5 3. Nxe5 Bd6 4. d4 dxe4 5. Qe2 Bxe5 6. Qxe4 Qxd4 7. Bb5+ c6 8.
Qe2 cxb5 9. f4 Nc6 10. Nc3 a6 11. Ne4 Bg4 12. Nd6+ Kf8 13. Qxg4 Bxd6 14. Rb1
Re8+ 15. Kf1 Qc4+ 0-1

[Event "AUTO-OPEN-4028"]
[Site "http://www.queenalice.com/game.php?id=1595648"]
[Date "2020.1.8"]
[Round "3"]
[White "jesuskatz"]
[Black "guss"]
[Result "1-0"]
[WhiteElo "2585"]
[BlackElo "2492"]

1. c4 e5 2. Nc3 Nc6 3. Nf3 Nf6 4. d3 d5 5. cxd5 Nxd5 6. e4 Nxc3 7. bxc3 Bc5 8.
Be2 O-O 9. O-O Qe7 10. a4 Rd8 11. Qc2 b6 12. Bg5 f6 13. Bh4 Be6 14. Bg3 a6 15.
Rab1 Kh8 16. Nd2 Rab8 17. Nf3 Rd7 18. Kh1 Rbd8 19. Nd2 Bd6 20. Nb3 h6 21. f3 Bf7
22. Bf2 Bxb3 23. Qxb3 Bc5 24. Bg3 Na5 25. Qa2 g5 26. Be1 Nc6 27. g3 a5 28. f4
Rf8 29. Bd2 Rdd8 30. Rbd1 Rd6 31. Bc1 Qe8 32. Bg4 Kg7 33. Qe2 Qd8 34. h4 gxh4
35. Kg2 hxg3 36. Bf5 Bf2 37. Rh1 Rh8 38. Qg4+ Kf8 39. Be6 Rxe6 40. Qxe6 Qd6 41.
Ba3 Bc5 42. Bxc5 bxc5 43. Qxd6+ cxd6 44. f5 Nd8 45. Rb1 Ke8 46. Rh3 Kd7 47. Rxg3
Rf8 48. Rg7+ Kc8 49. c4 h5 50. Rb5 Nf7 51. Rb6 Kc7 52. Ra6 Kb8 53. Kg3 Kc7 54.
Rxf7+ 1-0

[Event "AUTO-OPEN-4028"]
[Site "http://www.queenalice.com/game.php?id=1595649"]
[Date "2020.1.8"]
[Round "3"]
[White "guss"]
[Black "jesuskatz"]
[Result "0-1"]
[WhiteElo "2493"]
[BlackElo "2571"]

1. e4 e5 2. Nf3 Nc6 3. Bb5 a6 4. Ba4 Nf6 5. O-O Be7 6. Nc3 b5 7. Bb3 d6 8. a4 b4
9. Nd5 Na5 10. Ba2 Nxd5 11. Bxd5 c6 12. Ba2 c5 13. Bd5 Rb8 14. Qe2 O-O 15. h3 h6
16. b3 Qc7 17. Bb2 Be6 18. Bxe6 fxe6 19. Rac1 Rf7 20. Qxa6 c4 21. d4 c3 22. Ba1
Rxf3 23. gxf3 exd4 24. Rcd1 Qc5 25. Qd3 Rf8 26. Qb5 Nc6 27. f4 Rxf4 28. f3 Bh4
29. Kg2 Ne5 30. Qxc5 dxc5 31. Kh1 Bd8 32. Kg2 g5 33. Kg3 Kg7 34. Kg2 Kg6 35. Rf2
Bb6 36. Re2 Nxf3 37. h4 Nxh4+ 38. Kh2 Rf3 39. e5 g4 40. Kh1 Nf5 41. Rh2 h5 42.
Rb1 Kg5 43. Bxc3 bxc3 44. Rg2 d3 45. cxd3 Ng3+ 0-1

[Event "AUTO-OPEN-4051"]
[Site "http://www.queenalice.com/game.php?id=1596559"]
[Date "2020.1.18"]
[Round "2"]
[White "jesuskatz"]
[Black "Pagano"]
[Result "1-0"]
[WhiteElo "2547"]
[BlackElo "2046"]

1. Nf3 Nf6 2. c4 c5 3. Nc3 g6 4. e4 d6 5. d4 cxd4 6. Nxd4 a6 7. Be2 Bg7 8. O-O
O-O 9. Be3 Nbd7 10. Qd2 Qc7 11. f3 b6 12. Nd5 Nxd5 13. cxd5 Ne5 14. Rac1 Qb7 15.
Rc2 Bd7 16. f4 Ng4 17. Bxg4 Bxg4 18. f5 gxf5 19. Bh6 Bxh6 20. Qxh6 e6 21. h3 e5
22. Qg5+ Kh8 23. Qf6+ Kg8 24. Rxf5 1-0

[Event "AUTO-OPEN-4051"]
[Site "http://www.queenalice.com/game.php?id=1596560"]
[Date "2020.1.18"]
[Round "2"]
[White "Pagano"]
[Black "jesuskatz"]
[Result "0-1"]
[WhiteElo "1993"]
[BlackElo "2553"]

1. e4 e5 2. f4 exf4 3. Nf3 d6 4. Bc4 h6 5. d4 g5 6. O-O Bg7 7. c3 Nc6 8. g3 Bh3
9. Rf2 Nf6 10. Qc2 Ng4 11. Re2 Qf6 12. gxf4 gxf4 13. b4 Ne3 14. Bxe3 fxe3 15.
Rxe3 Qf4 16. Qe2 Bxd4 0-1

[Event "AUTO-OPEN-4051"]
[Site "http://www.queenalice.com/game.php?id=1596561"]
[Date "2020.1.18"]
[Round "2"]
[White "jesuskatz"]
[Black "Magogue"]
[Result "1-0"]
[WhiteElo "2539"]
[BlackElo "1483"]

1. d4 e6 2. e4 d5 3. Nc3 Bb4 4. e5 Ne7 5. a3 Bxc3+ 6. bxc3 b6 7. Qg4 Ng6 8. h4
h5 9. Qd1 Ba6 10. Bxa6 Nxa6 11. Bg5 Qd7 12. Ne2 c5 13. Ng3 Ne7 14. Nxh5 Rg8 15.
Bh6 Nf5 16. Bxg7 Nxg7 17. Nf6+ 1-0

[Event "AUTO-OPEN-4051"]
[Site "http://www.queenalice.com/game.php?id=1596562"]
[Date "2020.1.18"]
[Round "2"]
[White "Magogue"]
[Black "jesuskatz"]
[Result "0-1"]
[WhiteElo "1575"]
[BlackElo "2542"]

1. e4 b6 2. d4 Bb7 3. Nc3 e6 4. Nf3 Bb4 5. Bd3 Nf6 6. Bg5 h6 7. Bxf6 Bxc3+ 8.
bxc3 Qxf6 9. O-O d6 10. Qd2 O-O 11. a4 a5 12. Rfb1 e5 13. d5 Nd7 14. Bb5 Nc5 15.
Re1 Qd8 16. h3 f5 17. exf5 Rxf5 18. Bd3 Rf4 19. Nd4 Bxd5 20. Ne2 Rf8 21. Bh7+
Kxh7 22. Qxd5 Qf6 23. f3 Qg6 24. Qd2 Rxf3 0-1

[Event "AUTO-ELITE-2093"]
[Site "http://www.queenalice.com/game.php?id=1599289"]
[Date "2020.2.13"]
[Round "2"]
[White "caboclo"]
[Black "jesuskatz"]
[Result "1/2-1/2"]
[WhiteElo "2628"]
[BlackElo "2578"]

1. e4 e5 2. Nf3 Nc6 3. Bb5 a6 4. Ba4 Nf6 5. O-O Be7 6. Re1 b5 7. Bb3 O-O 8. c3
d5 9. exd5 Nxd5 10. Nxe5 Nxe5 11. Rxe5 c6 12. d3 Bd6 13. Re1 Bf5 14. Qf3 Qh4 15.
g3 Qh3 16. Nd2 Rae8 17. Ne4 Bg4 18. Qg2 Qxg2+ 19. Kxg2 f5 20. h3 Bh5 21. Bf4
Bxf4 22. gxf4 fxe4 23. dxe4 Bf3+ 24. Kxf3 Rxf4+ 25. Kg2 Rfxe4 26. Rxe4 Rxe4 27.
Kf3 Re6 28. a4 Rf6+ 29. Kg3 Rg6+ 30. Kf3 Rf6+ 31. Kg2 bxa4 1/2-1/2

[Event "AUTO-OPEN-4059"]
[Site "http://www.queenalice.com/game.php?id=1601720"]
[Date "2020.3.5"]
[Round "3"]
[White "serinha"]
[Black "jesuskatz"]
[Result "0-1"]
[WhiteElo "2631"]
[BlackElo "2548"]

1. e4 c5 2. c3 Nf6 3. e5 Nd5 4. Nf3 Nc6 5. Bc4 Nb6 6. Bb3 d5 7. exd6 e6 8. O-O
Bxd6 9. d4 cxd4 10. cxd4 Bd7 11. Re1 O-O 12. Nc3 Ne7 13. Bc2 Ng6 14. g3 Nd5 15.
h4 Bc6 16. h5 Nge7 17. h6 g6 18. Ne5 Nf5 19. Nxc6 bxc6 20. Bxf5 gxf5 21. Nxd5
cxd5 22. Be3 Kh8 23. Qh5 f6 24. Bd2 Qd7 25. Rac1 Rae8 26. Qf3 a5 27. Kg2 a4 28.
Rc3 Bb4 29. Rd3 Bxd2 30. Rxd2 Rg8 31. Rc1 Qd6 32. Rdc2 Qf8 33. Rc7 Qxh6 34. Rh1
Qg6 35. Qa3 f4 36. Qxa4 Qe4+ 0-1

[Event "AUTO-OPEN-4059"]
[Site "http://www.queenalice.com/game.php?id=1601721"]
[Date "2020.3.5"]
[Round "3"]
[White "jesuskatz"]
[Black "serinha"]
[Result "1/2-1/2"]
[WhiteElo "2577"]
[BlackElo "2622"]

1. a3 g6 2. e4 c5 3. Nc3 Bg7 4. Bc4 Nc6 5. Nf3 e6 6. O-O Nge7 7. d3 O-O 8. Ba2
d6 9. Re1 h6 10. h3 b6 11. Rb1 Bb7 12. Be3 Nd4 13. Bxd4 cxd4 14. Ne2 Nc6 15. a4
Qe7 16. Qd2 Rfc8 17. c3 dxc3 18. Nxc3 Ne5 19. Nxe5 Bxe5 20. d4 Bf6 21. Rbd1 Kh7
22. Qd3 a6 23. d5 e5 24. Bc4 Rc5 25. Qf1 Bc8 26. Bd3 Qb7 27. g3 Bg7 28. Ra1 Bd7
29. Ra3 f5 30. exf5 gxf5 31. Qe2 Kh8 32. g4 e4 33. Nxe4 Rxd5 34. Ng5 hxg5 35.
gxf5 Rxd3 36. Qh5+ Kg8 37. Rxd3 Bxf5 38. Qxg5 Bxd3 39. Re7 Qxe7 40. Qxe7 Bc4 41.
Qxd6 b5 42. Qc6 Rd8 43. Qxa6 Rd1+ 44. Kh2 Be5+ 45. Kg2 Bd5+ 46. f3 Rd2+ 47. Kf1
Bc4+ 48. Kg1 Rd1+ 49. Kf2 Rd2+ 50. Kg1 Rd1+ 51. Kg2 Rd2+ 52. Kh1 Rd1+ 53. Kg2
Rd2+ 54. Kg1 Rd1+ 1/2-1/2

[Event "AUTO-ELITE-2216"]
[Site "http://www.queenalice.com/game.php?id=1604236"]
[Date "2020.3.26"]
[Round "1"]
[White "jesuskatz"]
[Black "ArmandoFerreira"]
[Result "1-0"]
[WhiteElo "2566"]
[BlackElo "2410"]

1. d4 Nf6 2. c4 e6 3. Nf3 d5 4. Nc3 c6 5. Bg5 Be7 6. e3 h6 7. Bh4 O-O 8. Bd3 Ne8
9. Bg3 Nd6 10. c5 Nf5 11. Bxf5 exf5 12. b4 b6 13. O-O Bb7 14. Qc2 g6 15. Rfc1
Nd7 16. Rab1 b5 17. a4 a6 18. Bf4 Kh7 19. h3 Nf6 20. Ne2 Ne4 21. Ne5 bxa4 22.
Ra1 Qe8 23. Rxa4 Rg8 24. Raa1 h5 25. Re1 Bh4 26. Nd3 Bf6 27. Kh1 Be7 28. Rf1 Bf6
29. h4 Bg7 30. f3 Nf6 31. Ng1 Qc8 32. Nh3 Re8 33. Qf2 1-0

[Event "AUTO-ELITE-2216"]
[Site "http://www.queenalice.com/game.php?id=1604237"]
[Date "2020.3.26"]
[Round "1"]
[White "ArmandoFerreira"]
[Black "jesuskatz"]
[Result "0-1"]
[WhiteElo "2557"]
[BlackElo "2558"]

1. Nf3 d5 2. e3 Nf6 3. d4 e6 4. b3 b6 5. Bb2 Bb7 6. Bd3 Bd6 7. c4 O-O 8. O-O
Nbd7 9. Qe2 c5 10. Ne5 Qe7 11. a4 Ne4 12. Na3 Rad8 13. f4 cxd4 14. exd4 f5 15.
a5 bxa5 16. Nc2 dxc4 17. Nxc4 Rf7 18. Rxa5 Bb8 19. N2e3 Qe8 20. Nc2 Nb6 21. Ne5
Bxe5 22. Rxe5 Rd5 23. Na3 Rxe5 24. fxe5 Bd5 25. Nc4 h6 26. Ra1 Rc7 27. Nd6 Qg6
28. Nb5 Rc8 29. Nxa7 Rb8 30. Rf1 Bxb3 31. Nc6 Re8 32. Nb4 Bd5 33. Nxd5 Nxd5 34.
Bc4 Rd8 0-1

[Event "AUTO-ELITE-2216"]
[Site "http://www.queenalice.com/game.php?id=1622734"]
[Date "2020.8.4"]
[Round "2"]
[White "jesuskatz"]
[Black "Cuxtal"]
[Result "1/2-1/2"]
[WhiteElo "2582"]
[BlackElo "2740"]

1. e4 e5 2. Bc4 Nf6 3. d3 c6 4. Nf3 d5 5. Bb3 a5 6. a4 Bb4+ 7. c3 Bd6 8. O-O O-O
9. Re1 dxe4 10. dxe4 Qe7 11. Be3 Nbd7 12. Bc2 Rd8 13. h3 b6 14. Nbd2 Nc5 15. Qb1
Ba6 16. Nh4 g6 17. b4 Ncd7 18. bxa5 bxa5 19. Nhf3 Kg7 20. Bd3 Bxd3 21. Qxd3 Nc5
22. Qc4 Nfd7 23. Reb1 Bc7 24. Nb3 Qe6 25. Qxe6 Nxe6 26. Ng5 Nef8 27. Nc5 Nxc5
28. Bxc5 Rab8 29. Bxf8+ Kxf8 1/2-1/2

[Event "AUTO-ELITE-2216"]
[Site "http://www.queenalice.com/game.php?id=1622735"]
[Date "2020.8.4"]
[Round "2"]
[White "Cuxtal"]
[Black "jesuskatz"]
[Result "1/2-1/2"]
[WhiteElo "2743"]
[BlackElo "2579"]

1. d4 Nf6 2. Bg5 Ne4 3. Bf4 d5 4. e3 c5 5. Nd2 Nxd2 6. Qxd2 cxd4 7. exd4 Bf5 8.
Nf3 Nc6 9. Ne5 Nxe5 10. Bxe5 f6 11. Bg3 Rc8 12. Bd3 Bxd3 13. Qxd3 Qb6 14. O-O
Rc4 15. Rfd1 Qxb2 16. Qb3 Qxb3 17. axb3 Rxc2 18. Rxa7 b6 19. Re1 Kf7 20. Rd7 g5
21. Rxd5 h5 22. Rd7 b5 23. h4 Rg8 24. Bd6 gxh4 25. Bxe7 Bxe7 26. Rdxe7+ 1/2-1/2

[Event "USA & EUROPE"]
[Site "http://www.queenalice.com/game.php?id=1646868"]
[Date "2021.3.17"]
[Round "3"]
[White "jesuskatz"]
[Black "priit57"]
[Result "1/2-1/2"]
[WhiteElo "2618"]
[BlackElo "2697"]

1. e4 e5 2. Nf3 Nc6 3. Bc4 Bc5 4. c3 Nf6 5. d3 d6 6. O-O a5 7. Re1 O-O 8. h3 h6
9. Nbd2 Be6 10. Bb5 Qb8 11. Nf1 Qa7 12. Be3 Bxe3 13. Nxe3 Ne7 14. a4 Ng6 15. Bc4
Bxc4 16. Nxc4 Qa6 17. g3 Rfe8 18. Ne3 Qc6 19. Qc2 b6 20. Rad1 Nf8 21. c4 Ne6 22.
Nd5 Nd7 23. b3 Ndc5 24. Re2 Ng5 25. Nh4 Qd7 26. Nf5 Nce6 27. Qb2 Rad8 28. f4
Nf3+ 29. Kg2 Nfd4 30. Nxh6+ Kh8 31. Nf5 c6 32. Nde3 Nxe2 33. Qxe2 Nf8 34. Rf1
Nh7 35. Ng4 b5 36. c5 exf4 37. Nxd6 f5 38. Nh2 fxg3 39. Nf3 bxa4 40. bxa4 fxe4
41. dxe4 Re6 42. e5 Rh6 43. e6 Rxe6 44. Ne5 Rf8 45. Rxf8+ Nxf8 46. Qh5+ Rh6 47.
Qxh6+ gxh6 48. Nxd7 Nxd7 49. Nb7 Kg7 50. Kxg3 Kg6 51. Kf4 Kh5 52. Kf5 Kh4 53.
Ke6 Nxc5+ 54. Nxc5 Kxh3 55. Nb7 Kg3 56. Nd6 h5 57. Nf5+ Kf4 58. Ne7 c5 59. Kd5
Kg4 60. Ng6 Kf5 61. Nh4+ Kg4 62. Ng6 Kg5 63. Nf8 h4 64. Ke4 Kg4 65. Ke3 c4 66.
Ng6 h3 67. Kf2 h2 68. Kg2 c3 69. Ne5+ Kf4 70. Nd3+ Ke3 71. Nc5 c2 72. Nb3 Kd3
73. Kxh2 Kc3 74. Nc1 Kb4 75. Nd3+ Kxa4 76. Kg2 Kb3 77. Kf2 Ka2 78. Ke2 Kb1 79.
Kd2 a4 80. Nc1 Kb2 81. Nd3+ Kb1 82. Nc1 a3 83. Ne2 Kb2 84. Nc1 Kb1 85. Ne2 Kb2
1/2-1/2